Creative Socitey: (Record no. 186470)
[ view plain ]
| 000 -LEADER | |
|---|---|
| fixed length control field | 00620nam a22001817a 4500 |
| 005 - DATE AND TIME OF LATEST TRANSACTION | |
| control field | 20220307113334.0 |
| 010 ## - LCCN (DPL NO) | |
| LC control number | ENG-131850 |
| 020 ## - INTERNATIONAL STANDARD BOOK NUMBER | |
| International Standard Book Number | 9789325976689 |
| Terms of availability | 325.00 |
| 035 ## - SYSTEM CONTROL NUMBER | |
| System control number | EN-115382 |
| 037 ## - SOURCE OF ACQUISITION | |
| Source of stock number/acquisition | DBAD/PUB |
| 082 ## - DEWEY DECIMAL CLASSIFICATION NUMBER | |
| Classification number | 306.20954 |
| 100 ## - MAIN ENTRY--PERSONAL NAME | |
| Personal name | KHANDWALLA, PRADIP N. |
| 245 ## - TITLE STATEMENT | |
| Title | Creative Socitey: |
| Remainder of title | Prospects For India |
| Statement of responsibility, etc | Pradip N. Khandwalla |
| 260 ## - PUBLICATION, DISTRIBUTION, ETC. (IMPRINT) | |
| Place of publication, distribution, etc | Noida |
| Name of publisher, distributor, etc | Vikas Publishing House Pvt Ltd |
| Date of publication, distribution, etc | 2014 |
| 270 ## - ADDRESS | |
| Address | E-28,Sector-8 Noida |
| City | Uttar Pradesh |
| Postal code | 201301 |
| Telephone number | 4078900 |
| Fax number | 4078999 |
| Electronic mail address | helpline@vikaspublishing.com |
| 300 ## - PHYSICAL DESCRIPTION | |
| Extent | xiii, 418p. |
| Dimensions | 21cm(pbk) |
| Other physical details | Index |
| 942 ## - ADDED ENTRY ELEMENTS (KOHA) | |
| Source of classification or shelving scheme | Dewey Decimal Classification |
| Item type | English Books |
| Classification part | 306.20954 |
| Call number suffix | KHA |
| Withdrawn status | Lost status | Not for loan | Collection code | Home library | Current library | Date acquired | Source of acquisition | Cost, normal purchase price | Full call number | Barcode | Copy number | Cost, replacement price | Koha item type |
|---|---|---|---|---|---|---|---|---|---|---|---|---|---|
| Non-fiction | Central Library | Central Library | 07/03/2022 | DBAD/PUB | 325.00 | 306.20954 KHA | EN-115382 | 1 | 325.00 | English Books |
